| 000 | 00397 a2200145 4500 | ||
|---|---|---|---|
| 999 |
_c12773 _d12773 |
||
| 003 | OSt | ||
| 005 | 20240716163958.0 | ||
| 008 | 240716b ||||| |||| 00| 0 eng d | ||
| 020 | _a 9788469732618 | ||
| 082 | _2690p; | ||
| 100 | _aA+t Architecture | ||
| 245 | _aA+t 48 Complex Buildings. Generators, Linkers, Mixers & Storytellers | ||
| 260 |
_b A+t Architecture Publishers _c2017 |
||
| 942 | _2ddc | ||